000 02198nam a22003497a 4500
003 OSt
005 20260511144802.0
008 260511b |||||||| |||| 00| 0 sp d
020 _a9786079660017
040 _agtgcusco
_bspa
_cgtgcusco
_dgtgcusco
041 _aspa
082 _221
_a617.9676 M294:2
245 _aManual de anestesia local /
_cHéctor R. Martínez Menchaca, comp.
250 _a2 ed.
260 _aMéxico :
_bAleaciones Dentales Zeyco,
_c2018.
300 _a307 p. :
_bil. ;
_c21 cm.
504 _aIncluye referencias bibliográficas
520 _a[Tomado de la contraportada] En la actualidad, la práctica clínica odontológica requiere de una buena preparación y un amplio conocimiento de la salud en general como también del desarrollo y avances tecnológicos en equipos y materiales dentales. Del mismo modo, es fundamental contar con la asistencia y el apoyo en diferentes aspectos al momento de tratar a nuestros pacientes. Este compendio es una obra que tiene como objetivo principal ser un auxiliar en la atención de pacientes en la práctica odontológica. Un apoyo colateral en las cátedras de anestesiología, sedación y anestesia general, como también de la parte clínica de todas las especialidades. Simplifica toda la información en referente a los anestésicos locales que bien pudiese ser más extensa pero se prefirió realizar un trabajo que resume y orienta los temas de la anestesia local basado en evidencia científica con mayor validez y menor sesgo.
650 0 2 _aAnestesia en odontología
_vManuales
_918534
650 0 2 _aAnestesia local
_vManuales
_918535
650 0 2 _aCirugía dental
_vManuales
_918536
700 0 _aMartínez Menchaca, Héctor R.
_918537
700 0 _aRivera, Gerardo
_eCouat.
_918538
700 0 _aCastellanos Suárez, José Luis
_eCoaut.
_91606
700 0 _aDíaz Guzmán, Laura María
_eCoaut.
_918539
700 0 _aLee Gómez, Enrique Armando
_eCoaut.
_918540
700 0 _aFarsi, Deema J.
_eCoaut.
_918541
700 0 _aGonzález Solís. Armando J.
_eCoaut.
_918542
700 0 _aMonteagudo Arrieta, Carlos Alberto
_eCoaut.
_918543
700 0 _aGarza Covarrubias, Gabriel Garza
_918544
_eCoaut.
942 _2ddc
_cBK
_n0
999 _c9510
_d9510